[Event "ITA-ch U16 Girls"]
[Site "Porretta Terme"]
[Date "2011.07.03"]
[Round "1"]
[White "Nicolini, Giorgia"]
[Black "Chiarion, Elisa"]
[Result "0-1"]
[WhiteElo "1533"]
[BlackElo "1964"]
[PlyCount "104"]
[EventDate "2011.07.03"]
[EventType "swiss"]
[EventRounds "8"]
[EventCountry "ITA"]
[SourceTitle "EXT 2024"]
[Source "ChessBase"]
[SourceDate "2023.10.10"]
[SourceVersion "1"]
[SourceVersionDate "2023.10.10"]
[SourceQuality "1"]

1. d4 d5 2. Bf4 c6 3. Nf3 Bf5 4. Nbd2 e6 5. c3 Bd6 6. Bg3 Nf6 7. e3 h6 8. Be2 0-0 9. Ne5 c5 10. 0-0 c4 11. f4 b5 12. a3 Nbd7 13. Bf2 Ne4 14. Nxe4 Bxe4 15. g3 f6 16. Nxd7 Qxd7 17. h3 Rad8 18. Kh2 e5 19. Rg1 a5 20. Bf3 Kh8 21. Bxe4 dxe4 22. Qh5 Qe6 23. Qe2 Kh7 24. Raf1 b4 25. axb4 axb4 26. Ra1 bxc3 27. bxc3 exd4 28. exd4 Ra8 29. Be3 Rfb8 30. Qc2 f5 31. Rgb1 Qd5 32. Qe2 Rb3 33. Qc2 Rab8 34. h4 Qb5 35. Rxb3 cxb3 36. Qd2 Qc4 37. Kh3 b2 38. Rb1 Ba3 39. Qc2 Rc8 40. Bd2 Qxd4 41. Qb3 Qxd2 42. Qxa3 Rb8 43. Qc5 Qc2 44. Qxf5+ Kh8 45. Qe5 Rg8 46. Re1 b1Q 47. Rxb1 Qxb1 48. f5 Qf1+ 49. Kg4 Qf3+ 50. Kh3 e3 51. f6 gxf6 52. Qe6 Qxg3# 0-1

[Event "ITA-ch U14 Girls"]
[Site "Courmayeur"]
[Date "2009.07.02"]
[Round "4"]
[White "Balzano, Filli"]
[Black "Nicolini, Giorgia"]
[Result "1-0"]
[WhiteElo "1731"]
[BlackElo "1482"]
[PlyCount "83"]
[EventDate "2009.06.29"]
[EventType "swiss"]
[EventRounds "9"]
[EventCountry "ITA"]
[SourceTitle "EXT 2012"]
[Source "ChessBase"]
[SourceDate "2011.11.24"]
[SourceVersion "1"]
[SourceVersionDate "2011.11.24"]
[SourceQuality "1"]

1. e4 e5 2. Nf3 Nc6 3. d4 d6 4. dxe5 Qe7 5. Bb5 Bd7 6. Nc3 dxe5 7. 0-0 0-0-0 8. Nd5 Qd6 9. c4 Nge7 10. Be3 a6 11. Ba4 Nxd5 12. cxd5 Ne7 13. Bxd7+ Rxd7 14. Rc1 Kb8 15. Bc5 Qf6 16. Qd2 b6 17. Bxe7 Bxe7 18. Rc2 Bd6 19. Rfc1 Qd8 20. Qe2 Qc8 21. Rc6 Qb7 22. Qe3 h6 23. Nh4 g6 24. Nf3 Re7 25. Qc3 g5 26. h3 f6 27. Nh2 h5 28. Nf1 Rf8 29. Ne3 Rd7 30. Nf5 Rh8 31. Qc4 h4 32. Nxd6 cxd6 33. Qb4 b5 34. Rxd6 Rc8 35. Rxc8+ Qxc8 36. Rc6 Qb7 37. Qf8+ Ka7 38. Qxf6 b4 39. Qxg5 a5 40. Qxe5 a4 41. Qd4+ Kb8 42. Rb6 1-0